| 000 | 01048nam0a22003131 4500 | ||
|---|---|---|---|
| 001 | RU\NLR\INFOCOMM_116\5000075572 | ||
| 005 | 20250613095404.0 | ||
| 035 | _a(NLR Aleph) 009293372 | ||
| 090 |
_a9233986 _c9233986 |
||
| 100 | _a20101001d1973 |||y0rusy50 ca | ||
| 101 | 0 | _aeng | |
| 102 | _aRU | ||
| 105 | _aa ||||000|y | ||
| 200 | 1 |
_aPores in weld metal caused by nitrogen _f[By] A. A. Erokhin [and] O. M. Kuznetsov |
|
| 210 |
_aΜ. _d1973 |
||
| 215 |
_a12 с. _cграфик. _d20 см |
||
| 225 | 1 |
_aDocument _fIntern. inst. of welding. USSR nat. welding comm. Commiss. II. "Arc welding" _vII-73 |
|
| 320 | _aБиблиогр.: с. 10 | ||
| 686 |
_aТт-м-490 _2rubbk |
||
| 686 |
_a[К641-18] _2rubbk |
||
| 700 | 1 |
_9z01790 _aErochin _bA. A. _gAndrej Aleksandrovič _4070 |
|
| 701 | 1 |
_9z02790 _aKuznecov _bO. M. _gOleg Michajlovič _4070 |
|
| 790 | 1 |
_9z01700 _aErokhin _bA. A. _4070 |
|
| 790 | 1 |
_9z02701 _aKuznetsov _bO. M. _4070 |
|
| 801 | 1 |
_aRU _bNLR _c20101001 |
|
| 801 | 0 |
_aRU _bNLR _gPSBO |
|
| 852 |
_aNLR _jТ37 Д-4/52 |
||
| 942 | _cBOOK | ||
| 980 | _aNB | ||